000 00280nam a2200121Ia 4500
008 190216s9999||||xx |||||||||||||| ||und||
100 _aM L Rahi
245 0 _aHindi-Shishir Ki Doop
260 _bSree Nagosha Publications
_c2009
300 _a184
650 _aHindi
942 _cBK
999 _c16664
_d16664